00664nam a22001817a 450000500170000000800410001704000270005804100080008504400070009308200160010024501010011626000670021730000590028465000600034365000530040371000170045671000090047320160315145041.0160315b1999 ck a fr|||| 00| 0 spa d aCO-BoIAVH cCO-BoIAVH 0 aspa ack04a307.3bG89m10aGuía metodológica para la realización de encuentros comunitarios sobre el manejo de bosque aApartadó (Antioquia, Colombia) :bCorpouraba :bSENA,c1999. a19 páginas :bilustraciones ;c28 x 21 centímetros16aComunidades ruralesxReuniónvGuías, manuales, etc.14aEncuentros comunitariosxGuías, manuales, etc.2 aCorpourabá2 aSENA